000 00552nam a2200193Ia 4500
999 _c9766
_d9766
003 OSt
005 20191226092706.0
008 190216s9999||||xx |||||||||||||| ||und||
020 _a9788175157552
040 _coclc
082 _a339
_bSHA/M
100 _a Shapiro, Edward
_9708
245 0 _aMacroeconomic Analysis /
_c Edward Shapiro
250 _a5th ed.
260 _bGalgotia Publications,
_c1988.
_aNew Delhi:
300 _a632p
650 _aMacroeconomics & Related Topics
942 _cBK
_2ddc
_h339
_iSHA/P
_k339
_mSHA/P